| 000 | 00949nas a2200277 4500 | ||
|---|---|---|---|
| 001 | BR2011005321 | ||
| 003 | BR-BrBNA | ||
| 005 | 20231205115608.0 | ||
| 007 | ta | ||
| 008 | 230509b bl.|||p| |||| 00| 00por d | ||
| 040 |
_aBR-BrBNA _bpor _cBiblioteca Nacional de Agricultura |
||
| 041 | _a(En) | ||
| 072 | _aL20 | ||
| 100 | 1 | _aMarques-Souza, A.C. | |
| 100 | 1 | _aAbsy, M.L. | |
| 100 | 1 | _aKerr, W.E. | |
| 245 | 1 | _aPollen harvest features of the Central Amazonian bee Scaptotrigona fulvicutis Moure 1964 (Apidae: Meliponinae), in Brazil | |
| 246 | 1 | _aPollen harvest features of the Central Amazonian bee Scaptotrigona fulvicutis Moure 1964 (Apidae: Meliponinae), in Brazil | |
| 650 | _aPÓLEN | ||
| 650 | _aABELHA | ||
| 650 | _aCOLMÉIA | ||
| 650 | _a | ||
| 773 | 0 |
_tActa Botanica Brasilica (Brazil) _xISSN 0102-3306 _g(Jan-Mar 2007), v. 21(1) p. 11-20 _wBR2011005321 |
|
| 909 |
_a202311 _bLúcia _c55 _dLúcia Elande |
||
| 942 |
_2AGRIS _n0 _cANA |
||
| 999 |
_c214687 _d214687 |
||